01426 2200289 4500001002100000005001500021035002000036007000300056008004100059082001100100084001700111100003800128245008600166300004800252650002700300504001900327264003900346336002100385337003000406338002300436020001800459250001400477700003800491502002400529520057200553990001101125INLIS00000000002374020251222092437 a0010-1225000155ta251222 g 0 ind  a297.77 a297.77 SAL p1 aSaleh, M. Nurul IkhsanePengarang1 aPeace Education :bKajian Sejarah, Konsep, & Relevansinya dengan Pendidikan Islam a184 halaman :bIlustrasi [Grafis] ;c21 cm. 4aPendidikan Agama Islam aIndeks 179-182 aYogyakarta :bAr-Ruzz Media,c2012 2rdacontentaTeks 2rdamediaaTanpa Perantara 2rdacarrieraLembar a9786021889589 aCetakan 10 aRose Kusumaning RatriePenyunting aBibliografi 145-154 aPeace Education : Kajian Sejarah, Konsep, & Relevansinya dengan Pendidikan Islam Narasi sejarah memperlihatkan jalan cerita bahwa peradaban umat manusi tidak lepad dari konflik kekerasan dan peperangan. Bahkan, terjadinya Perang Dunia I dan II yang dikatakan memakan korban sepertiga dari penduduk dunia telah membawa trauma tersendiri bagi ingatan kolektif manusia. Buku ini dirumuskan sebagai cara untuk menumbuhkan manusia-manusia yang cinta damai, menumbuhkan budaya antikekerasan, kemampuan menyelesaikan konflik, menerapkan prinsip kesetaraan, dan lain-lain. a071943